Catálogo
 En Linea

Conque, ¿usted quiere ser un velocista? / (Registro nro. 29932)

Detalles MARC
000 -CABECERA
campo de control de longitud fija 00649nam a2200181 a 4500
001 - NÚMERO DE CONTROL
campo de control 000030440
005 - FECHA Y HORA DE LA ÚLTIMA TRANSACCIÓN
campo de control 20200930062320.0
008 - DATOS DE LONGITUD FIJA--INFORMACIÓN GENERAL
campo de control de longitud fija 110517s1972 dr a 000 | spa d
040 ## - FUENTE DE LA CATALOGACIÓN
Centro catalogador/agencia de origen DO-SdBNP
Lengua de catalogación spa
Centro/agencia transcriptor BNPHU
082 ## - NÚMERO DE LA CLASIFICACIÓN DECIMAL DEWEY
Número de clasificación xxx
Número de documento/Ítem W784c
049 ## - FONDOS LOCALES (OCLC)
Fondos de biblioteca BNPD
100 1# - ENTRADA PRINCIPAL--NOMBRE DE PERSONA
Nombre de persona Winter, Lloyd C.
9 (RLIN) 55360
245 10 - MENCIÓN DE TÍTULO
Título Conque, ¿usted quiere ser un velocista? /
Mención de responsabilidad, etc. Lloyd C. "Bud" Winter.
260 ## - PUBLICACIÓN, DISTRIBUCIÓN, ETC.
Lugar de publicación, distribución, etc. Santo Domingo :
Nombre del editor, distribuidor, etc. Secretaria de Estado de Educación, Bellas Artes y Cultos. Dirección General de Educación Física Escolar,
Fecha de publicación, distribución, etc. 1972.
300 ## - DESCRIPCIÓN FÍSICA
Extensión 60 p. :
Otras características físicas il. ;
Dimensiones 18 cm.
490 1# - MENCIÓN DE SERIE
Mención de serie ¿Usted quiere ser...?
Designación de volumen o secuencia 13
830 #0 - PUNTO DE ACCESO ADICIONAL DE SERIE-TÍTULO UNIFORME
Título uniforme ¿Usted quiere ser...?;
Designación de volumen o secuencia 13
9 (RLIN) 57076
Existencias
Estado de retiro Estado de pérdida No para préstamo Código de colección Localización permanente Ubicación/localización actual Ubicación en estantería Fecha de adquisición Número de inventario Total de préstamos Signatura topográfica completa Código de barras Fecha visto por última vez Precio válido a partir de Tipo de ítem Koha
    Excluido de préstamo Patrimonio Dominicano Patrimonio Dominicano Patrimonio Dominicano En catalogación 17.05.2011 LF1   xxx W784c 30440-10 25.06.2020 25.06.2020 Libro y Folleto Colección Patrimonio Dominicano

Con tecnología Koha